MARC

LEADER 00000nam0a2200000 4500
001 334612
005 20231102004654.0
035 |a (RuTPU)RU\TPU\book\360867 
090 |a 334612 
100 |a 20170831d1905 k y0rusy50 ca 
101 0 |a rus 
102 |a RU 
105 |a y z 000zb 
200 1 |a Памяти Владимира Васильевича Марковникова  |f Императорское общество любителей естествознания, антропологии и этнографии, Химическое отделение 
210 |a Москва  |c Типография Борисенко  |d 1905 
215 |a 249 с. 
300 |a Текст набран гражданским шрифтом 
600 1 |a Марковников  |b В. В.  |c русский химик  |c один из создателей теории строения химических соединений  |f 1837-1904  |g Владимир Васильевич  |2 stltpush  |3 (RuTPU)RU\TPU\pers\17677  |9 6562 
606 1 |a Химики  |x Персоналии  |2 stltpush  |3 (RuTPU)RU\TPU\subj\69968  |9 84576 
610 1 |a химия 
610 1 |a история 
610 1 |a 19 век 
610 1 |a научные труды 
610 1 |a протоколы 
610 1 |a химические соединения 
610 1 |a атомы 
610 1 |a соляные озера 
610 1 |a Южная Россия 
610 1 |a библиотека А. Г. Стромберга 
675 |a 54(092)  |v 4 
712 0 2 |a Императорское общество любителей естествознания, антропологии и этнографии  |b Химическое отделение  |2 stltpush  |3 (RuTPU)RU\TPU\col\23097 
801 1 |a RU  |b 63413507  |c 20170831 
801 2 |a RU  |b 63413507  |c 20170915  |g RCR 
942 |c BK